000 00333nam a2200121Ia 4500
008 190216s9999||||xx |||||||||||||| ||und||
100 _a"Sisodia M L,Raghuvamshi G S"
245 0 _aBasic Micro Waves Techniques And Laboratory Manual
260 _bNew Age International Publishers
300 _a209
650 _aPhysics
942 _cBK
999 _c34179
_d34179